Paradigms & revolutions : Appraisals and applications of Thomas Kuhn's philosophy of science
Zapisane w:
| 1. autor: | |
|---|---|
| Format: | Książka |
| Język: | Undetermined |
| Wydane: |
London
University of Norte Dame press
1980
|
| Hasła przedmiotowe: | |
| Etykiety: |
Dodaj etykietę
Nie ma etykietki, Dołącz pierwszą etykiete!
|
| Thư viện lưu trữ: | Trung tâm Học liệu Trường Đại học Cần Thơ |
|---|
| LEADER | 00584nam a2200193Ia 4500 | ||
|---|---|---|---|
| 001 | CTU_81494 | ||
| 008 | 210402s9999 xx 000 0 und d | ||
| 082 | |a 501.19 | ||
| 082 | |b G985 | ||
| 100 | |a Gutting, Gary | ||
| 245 | 0 | |a Paradigms & revolutions : | |
| 245 | 0 | |b Appraisals and applications of Thomas Kuhn's philosophy of science | |
| 245 | 0 | |c Gary Gutting | |
| 260 | |a London | ||
| 260 | |b University of Norte Dame press | ||
| 260 | |c 1980 | ||
| 650 | |a Science,Kuhn, thomas s.,Philosophy | ||
| 904 | |i Trọng Hải | ||
| 980 | |a Trung tâm Học liệu Trường Đại học Cần Thơ | ||